[Event "Santa Catarina-ch (Women)"]
[Site "Lages"]
[Date "2020.02.15"]
[Round "4"]
[White "Campagnolo, Fabiola"]
[Black "Feldmann, Jaciane Rocha"]
[Result "1-0"]
[WhiteElo "1786"]
[BlackElo "1372"]
[PlyCount "103"]
[EventDate "2020.02.14"]
[EventType "swiss"]
[EventRounds "6"]
[EventCountry "BRA"]
[SourceTitle "CBM 195 Extra"]
[Source "ChessBase"]
[SourceDate "2020.05.31"]
[SourceVersion "1"]
[SourceVersionDate "2020.05.31"]
[SourceQuality "1"]

1. e4 c5 2. Nf3 Nc6 3. d4 cxd4 4. Nxd4 g6 5. Nc3 Bg7 6. Be3 d6 7. Be2 Nf6 8. 0-0 Bd7 9. Nb3 0-0 10. f4 a6 11. g4 Qc7 12. g5 Ne8 13. Nd5 Qd8 14. Bb6 Qc8 15. Ba5 Qb8 16. Nb6 Qa7 17. Kh1 Nxa5 18. Nxd7 Nxb3 19. cxb3 Bxb2 20. Rb1 Bg7 21. Nxf8 Kxf8 22. Rc1 Qe3 23. Qd3 Qb6 24. f5 f6 25. Qh3 Qd4 26. Rc4 Qd2 27. Bg4 Qxg5 28. fxg6 hxg6 29. Be6 Qh6 30. Qxh6 Bxh6 31. Bd5 Rb8 32. Kg2 Ng7 33. Rc7 Nh5 34. Bxb7 Nf4+ 35. Kf3 Nd3 36. Bxa6 Nc5 37. Rc8+ Rxc8 38. Bxc8 Kf7 39. b4 Nd3 40. b5 Ne5+ 41. Ke2 Nc4 42. Rf3 Nb6 43. Rc3 Ke8 44. Rc6 Nxc8 45. Rxc8+ Kd7 46. Rc2 Bf4 47. h3 e6 48. a4 f5 49. exf5 exf5 50. a5 g5 51. a6 g4 52. a7 1-0

[Event "Santa Catarina-ch (Women)"]
[Site "Lages"]
[Date "2020.02.14"]
[Round "2"]
[White "Staloch, Suellen Daiana"]
[Black "Feldmann, Jaciane Rocha"]
[Result "1-0"]
[WhiteElo "1535"]
[BlackElo "1372"]
[PlyCount "105"]
[EventDate "2020.02.14"]
[EventType "swiss"]
[EventRounds "6"]
[EventCountry "BRA"]
[SourceTitle "CBM 195 Extra"]
[Source "ChessBase"]
[SourceDate "2020.05.31"]
[SourceVersion "1"]
[SourceVersionDate "2020.05.31"]
[SourceQuality "1"]

1. c4 c5 2. Nc3 Nc6 3. g3 g6 4. Bg2 Bg7 5. e3 e6 6. Nge2 Nge7 7. 0-0 0-0 8. Rb1 d5 9. cxd5 Nxd5 10. b3 Ndb4 11. Bb2 Nd3 12. Ba1 a6 13. Nf4 Rb8 14. Nxd3 Qxd3 15. Be4 Qd7 16. Na4 b6 17. Bxg7 Kxg7 18. Rc1 Rd8 19. d4 Nb4 20. a3 Nc6 21. dxc5 Qc7 22. Qe2 b5 23. Nb6 Bb7 24. Rfd1 Ne7 25. Bxb7 Qxb7 26. Qb2+ f6 27. Qe2 Nd5 28. Nxd5 Rxd5 29. Rxd5 Qxd5 30. Qd1 Qc6 31. Qd6 Rc8 32. Qe7+ Kg8 33. Qxf6 Rc7 34. Rd1 Rd7 35. Rxd7 Qxd7 36. Qd4 Qxd4 37. exd4 Kf7 38. Kf1 Ke7 39. Ke2 Kd7 40. Ke3 Kc6 41. Ke4 a5 42. Ke5 Kd7 43. g4 h6 44. f4 h5 45. gxh5 gxh5 46. f5 exf5 47. d5 h4 48. Kxf5 h3 49. Ke5 b4 50. a4 Ke7 51. c6 Kd8 52. d6 Ke8 53. Ke6 1-0

[Event "BRA-ch Regional Sul"]
[Site "Lages"]
[Date "2019.10.19"]
[Round "3"]
[White "Schlickmann, Henrique"]
[Black "Feldmann, Jaciane Rocha"]
[Result "1-0"]
[WhiteElo "1533"]
[BlackElo "1378"]
[PlyCount "89"]
[EventDate "2019.10.18"]
[EventType "swiss"]
[EventRounds "5"]
[EventCountry "BRA"]
[SourceTitle "CBM 195 Extra"]
[Source "ChessBase"]
[SourceDate "2020.05.31"]
[SourceVersion "1"]
[SourceVersionDate "2020.05.31"]
[SourceQuality "1"]

1. e4 c5 2. Nf3 Nc6 3. d4 cxd4 4. Nxd4 g6 5. c4 Bg7 6. Be3 Nf6 7. Nc3 0-0 8. Be2 Nxd4 9. Bxd4 d6 10. 0-0 Bd7 11. Rc1 Bc6 12. f3 Ne8 13. Be3 Nc7 14. Qd2 Qd7 15. Rfd1 Rfd8 16. Qc2 Qe8 17. b4 b5 18. a4 a6 19. cxb5 axb5 20. a5 Rdc8 21. Qd2 Na6 22. Nd5 Bxd5 23. exd5 Qd7 24. f4 Nc7 25. h3 Ne8 26. Qd3 Rxc1 27. Rxc1 Rb8 28. a6 Nc7 29. a7 Ra8 30. Bb6 Rxa7 31. Bxa7 e6 32. dxe6 Nxe6 33. Be3 h6 34. Qxb5 Qe7 35. Qd3 d5 36. f5 gxf5 37. Qxf5 Qxb4 38. Rc8+ Nf8 39. Bd3 Qe1+ 40. Kh2 f6 41. Bxh6 Qe5+ 42. Qxe5 fxe5 43. Bxg7 Kxg7 44. Rd8 d4 45. Kg3 1-0

[Event "BRA-ch Regional Sul"]
[Site "Lages"]
[Date "2019.10.18"]
[Round "2"]
[White "Feldmann, Jaciane Rocha"]
[Black "Belle, Davi Lorensatto Fer"]
[Result "1-0"]
[WhiteElo "1378"]
[BlackElo "1693"]
[PlyCount "33"]
[EventDate "2019.10.18"]
[EventType "swiss"]
[EventRounds "5"]
[EventCountry "BRA"]
[SourceTitle "CBM 195 Extra"]
[Source "ChessBase"]
[SourceDate "2020.05.31"]
[SourceVersion "1"]
[SourceVersionDate "2020.05.31"]
[SourceQuality "1"]

1. e4 e5 2. Nf3 Nc6 3. d4 f6 4. dxe5 fxe5 5. Bc4 Nf6 6. Nc3 Bc5 7. 0-0 Nd4 8. Be3 d6 9. Nxd4 Bxd4 10. Bxd4 exd4 11. Qxd4 Qe7 12. Rfe1 Bd7 13. e5 0-0-0 14. exf6 Qxf6 15. Qxa7 Bc6 16. Be6+ Bd7 17. Qa8# 1-0

[Event "Concordia op 5th"]
[Site "Concordia"]
[Date "2019.05.04"]
[Round "7"]
[White "Perutti, Rafael"]
[Black "Feldmann, Jaciane Rocha"]
[Result "1/2-1/2"]
[WhiteElo "1678"]
[BlackElo "1363"]
[PlyCount "60"]
[EventDate "2019.05.01"]
[EventType "swiss"]
[EventRounds "9"]
[EventCountry "BRA"]
[SourceTitle "CBM 190 Extra"]
[Source "ChessBase"]
[SourceDate "2019.07.15"]
[SourceVersion "1"]
[SourceVersionDate "2019.07.15"]
[SourceQuality "1"]

1. d4 Nf6 2. c4 e6 3. Nf3 b6 4. e3 Bb7 5. Be2 Be7 6. Nc3 0-0 7. 0-0 d5 8. cxd5 Nxd5 9. Qc2 Nd7 10. Nxd5 Bxd5 11. Bd2 Nf6 12. Rac1 c5 13. Rfd1 Rc8 14. Qa4 Rc7 15. Ne5 Qa8 16. Bf3 Bxf3 17. Nxf3 Rfc8 18. h3 h6 19. dxc5 Bxc5 20. Bb4 Qe4 21. Nd4 a5 22. Bd2 Bxd4 23. Rxc7 Rxc7 24. Qxd4 Qxd4 25. exd4 Nd5 26. Rc1 Rxc1+ 27. Bxc1 Kf8 28. Kf1 Ke7 29. Ke2 f5 30. h4 h5 1/2-1/2

[Event "Florianopolis op 5th"]
[Site "Florianopolis"]
[Date "2019.01.24"]
[Round "5"]
[White "Feldmann, Jaciane Rocha"]
[Black "Duarte, Giovanna Torqui"]
[Result "1-0"]
[WhiteElo "1347"]
[BlackElo "1673"]
[PlyCount "45"]
[EventDate "2019.01.21"]
[EventType "swiss"]
[EventRounds "10"]
[EventCountry "BRA"]
[SourceTitle "EXT 2020"]
[Source "ChessBase"]
[SourceDate "2019.10.17"]
[SourceVersion "1"]
[SourceVersionDate "2019.10.17"]
[SourceQuality "1"]

1. e4 Nf6 2. e5 Nd5 3. c4 Nb6 4. d4 Nc6 5. f4 e6 6. Nf3 d5 7. exd6 Bxd6 8. c5 Bxc5 9. dxc5 Qxd1+ 10. Kxd1 Nd5 11. Bb5 Bd7 12. Re1 e5 13. fxe5 a6 14. Bxc6 bxc6 15. Ng5 0-0 16. a3 Bg4+ 17. Kc2 Rab8 18. Nc3 Bf5+ 19. Nge4 Bg6 20. Bg5 h6 21. Bh4 Ne7 22. Bxe7 Rfe8 23. Bh4 1-0

[Event "Santa Catarina State-ch U20 Girls"]
[Site "Blumenau"]
[Date "2018.08.25"]
[Round "3.6"]
[White "Blau, Vitoria Caroline"]
[Black "Feldmann, Jaciane Rocha"]
[Result "1/2-1/2"]
[WhiteElo "1363"]
[BlackElo "1407"]
[PlyCount "23"]
[EventDate "2018.08.24"]
[EventType "swiss"]
[EventRounds "6"]
[EventCountry "BRA"]
[SourceTitle "EXT 2022"]
[Source "ChessBase"]
[SourceDate "2021.10.06"]
[SourceVersion "1"]
[SourceVersionDate "2021.10.06"]
[SourceQuality "1"]

1. e4 Nc6 2. Nc3 d5 3. Nf3 Bg4 4. Be2 Nf6 5. d3 dxe4 6. dxe4 Qxd1+ 7. Bxd1 e6 8. a3 Be7 9. 0-0 0-0 10. Be2 Nd7 11. Bf4 Nc5 12. e5 1/2-1/2

[Event "Concordia op 4th"]
[Site "Concordia"]
[Date "2018.06.30"]
[Round "3"]
[White "Felix, Raimundo Nascimento"]
[Black "Feldmann, Jaciane Rocha"]
[Result "1-0"]
[WhiteElo "1874"]
[BlackElo "1413"]
[PlyCount "107"]
[EventDate "2018.06.29"]
[EventType "swiss"]
[EventRounds "6"]
[EventCountry "BRA"]
[SourceTitle "EXT 2019"]
[Source "ChessBase"]
[SourceDate "2018.10.10"]
[SourceVersion "1"]
[SourceVersionDate "2018.10.10"]
[SourceQuality "1"]

1. e4 c5 2. Nf3 Nc6 3. Bb5 g6 4. 0-0 Bg7 5. a4 e6 6. c3 Nge7 7. d4 cxd4 8. cxd4 0-0 9. Nc3 d6 10. Be3 a6 11. Be2 Bd7 12. Rb1 Qa5 13. Nd2 Qc7 14. Nf3 Qa5 15. Qd2 Qb4 16. b3 Rac8 17. Rfc1 Rc7 18. Na2 Qxd2 19. Bxd2 Rfc8 20. Bf4 e5 21. dxe5 Nxe5 22. Nb4 Rxc1+ 23. Rxc1 Rxc1+ 24. Bxc1 N7c6 25. Nd5 Be6 26. Ba3 Bf8 27. b4 Nxf3+ 28. Bxf3 Nd4 29. Bd1 f5 30. f3 Kf7 31. Kf2 Bxd5 32. exd5 f4 33. g3 fxg3+ 34. hxg3 Nf5 35. g4 Ne7 36. Bb3 g5 37. Ke3 Ng6 38. Bc2 Nf4 39. Ke4 h6 40. Kf5 Ne2 41. Ke4 Nf4 42. a5 Ne2 43. Ke3 Nf4 44. Kd4 Ne2+ 45. Kc4 Ke7 46. Bb2 Nf4 47. Bf5 Kd8 48. Bd4 Kc7 49. Bf6 b5+ 50. Kd4 Ne2+ 51. Ke3 Nc1 52. Bb1 Kd7 53. Bb2 Nb3 54. Bc2 1-0